[Event "German Bundesliga 2023-24"]
[Site "Germany"]
[Date "2024.03.16"]
[Round "12.14"]
[White "Thybo, Jesper Sondergaard"]
[Black "Kraus, Tomas"]
[Result "1/2-1/2"]
[WhiteElo "2522"]
[BlackElo "2491"]
[Annotator "TA"]
[PlyCount "79"]
[EventDate "2023.10.20"]
[EventType "team-tourn"]
[EventCountry "GER"]
[SourceTitle "playchess.com"]
[Source "ChessBase"]
[SourceQuality "1"]
[TimeControl "40/6000+30:3000+30"]

{[%evp 19,79,0,20,8,17,20,53,54,56,53,53,47,53,37,39,54,35,23,11,23,27,17,21,13,10,9,11,14,9,8,10,10,11,8,13,8,10,13,13,8,17,17,6,0,0,0,0,0,0,-8,0,-18,0,0,0,0,0,-10,0,-15,0,0]} 1. d4 {[%emt 0:00:30]} d5 {[%emt 0:00:36]} 2. Nf3 {[%emt 0:00:15]} e6 {[%emt 0:02:32]} 3. g3 {[%emt 0:00:36]} b6 {[%emt 0:00:12]} 4. Bg2 {[%emt 0:01:49]} Bb7 {[%emt 0:00:44]} 5. O-O {[%emt 0:01:12]} Nd7 {[%emt 0:02:29]} 6. b3 {[%emt 0:04:18]} c5 {[%emt 0:13:15]} 7. Bb2 {[%emt 0:02:27]} Ngf6 {[%emt 0:01:21]} 8. Nbd2 {[%emt 0:00:25]} Be7 {[%emt 0:14:01]} 9. c4 {[%emt 0:02:35]} O-O {[%emt 0:01:49]} 10. cxd5 {[%emt 0:11:50]} exd5 {[%emt 0:00:31]} 11. Ne5 {[%emt 0:03:48]} Re8 {[%emt 0:05:29]} 12. Rc1 {[%emt 0:02:45]} Nf8 {[%emt 0:08:34]} 13. Nd3 {[%emt 0:15:33] White is slightly better.} Ne6 {[%emt 0:03:41]} 14. dxc5 {[%emt 0:04:31]} bxc5 {[%emt 0:05:05]} 15. Bxf6 {[%emt 0:01:55]} Bxf6 {[%emt 0:04:06]} 16. Nxc5 {[%emt 0:01:19]} Nxc5 {[%emt 0:02:02]} 17. Rxc5 {[%emt 0:00:10]} Qe7 {[%emt 0:02:52]} 18. Rxd5 {[%emt 0:15:40]} Bxd5 {[%emt 0:03:14]} 19. Bxd5 {[%emt 0:00:02]} Rad8 {[%emt 0:02:07]} 20. e4 {[%emt 0:00:06]} Qb4 {[%emt 0:04:16] The position is equal.} 21. Qc2 {[%emt 0:03:19]} Qc3 {[%emt 0:03:04]} 22. Rc1 {[%emt 0:02:58][%cal Bf1c1,Bc1c2,Bc2d2][%mdl 32]} Rc8 {[%emt 0:04:30]} 23. Nc4 {[%emt 0:01:30]} Qxc2 {[%emt 0:00:34]} 24. Rxc2 {[%emt 0:00:02][%cal Od5f7] [#] Bxf7+! would now be deadly.} Kf8 {[%emt 0:01:10]} 25. Kg2 {[%emt 0:01:09]} Rc7 {[%emt 0:09:29]} 26. f4 {[%emt 0:01:42]} Rd8 {[%emt 0:00:19]} 27. Rd2 {[%emt 0:03:54]} a5 {[%emt 0:02:11]} 28. a4 {[%emt 0:00:50]} (28. Nxa5 $2 {too greedy.} Bc3 29. Nc6 Rxc6 $19) 28... h5 {[%emt 0:03:11]} 29. h3 {[%emt 0:03:55][%cal Og3g4]} (29. Nxa5 $2 {perishes.} Bc3 30. Nb7 Rxb7 $19) 29... Rc5 {[%emt 0:01:28]} 30. Kf3 {[%emt 0:01:27]} g6 {[%emt 0:02:33]} 31. Rd3 {[%emt 0:03:02]} Kg7 {[%emt 0:00:42]} 32. Ke2 {[%emt 0:01:35]} Be7 {[%emt 0:02:27]} 33. Rf3 {[%emt 0:05:30]} f5 {[%emt 0:01:21]} 34. Re3 {[%emt 0:01:29]} Bf6 {[%emt 0:00:51]} 35. Kf3 {[%emt 0:00:26]} fxe4+ {[%emt 0:01:02]} 36. Bxe4 {[%emt 0:00:32]} Rd1 {[%emt 0:01:14]} 37. Ke2 {[%emt 0:03:19]} Rd4 {[%emt 0:01:15]} 38. g4 {[%emt 0:03:04]} hxg4 {[%emt 0:00:05]} 39. hxg4 {[%emt 0:00:03]} g5 {[%emt 0:01:02]} 40. f5 {[%emt 0:01:18] Weighted Error Value: White=0.03 (flawless) /Black=0.04 (flawless) .  Inaccurate:     	---       	Black=1      OK:         	White=11    	Black=15     Best:        	White=2     	---} 1/2-1/2

[Event "German Bundesliga 2023-24"]
[Site "Germany"]
[Date "2024.03.16"]
[Round "12.14"]
[White "Zysk, Robert"]
[Black "Hausrath, Daniel"]
[Result "1/2-1/2"]
[WhiteElo "2388"]
[BlackElo "2462"]
[Annotator "TA"]
[PlyCount "44"]
[EventDate "2023.10.20"]
[EventType "team-tourn"]
[EventCountry "GER"]
[SourceTitle "playchess.com"]
[Source "ChessBase"]
[SourceQuality "1"]
[TimeControl "40/6000+30:3000+30"]

{[%evp 26,44,6,0,0,0,0,0,0,0,0,0,0,0,0,0,0,0,0,0,10]} 1. d4 {[%emt 0:00:06]} d5 {[%emt 0:00:14]} 2. c4 {[%emt 0:00:54]} e6 {[%emt 0:00:07]} 3. Nc3 {[%emt 0:00:38]} Be7 {[%emt 0:00:26]} 4. Nf3 {[%emt 0:00:23]} Nf6 {[%emt 0:00:06]} 5. Bg5 {[%emt 0:02:02]} O-O {[%emt 0:00:37]} 6. e3 {[%emt 0:00:46]} h6 {[%emt 0:00:47]} 7. Bh4 {[%emt 0:00:25]} Ne4 {[%emt 0:01:46]} 8. Bxe7 {[%emt 0:00:46]} Qxe7 {[%emt 0:00:02]} 9. Qc2 {[%emt 0:11:11]} Nxc3 {[%emt 0:11:08]} 10. Qxc3 {[%emt 0:03:14]} c6 {[%emt 0:04:01]} 11. Bd3 {[%emt 0:04:19]} dxc4 {[%emt 0:07:57]} 12. Bxc4 {[%emt 0:00:42]} Nd7 {[%emt 0:06:23]} 13. O-O {[%emt 0:00:15]} b6 {[%emt 0:02:10]} 14. Rac1 {[%emt 0:21:45] The position is equal.} Bb7 {[%emt 0:02:59]} 15. Be2 {[%emt 0:00:14]} a5 {[%emt 0:08:26]} 16. Rfd1 {[%emt 0:10:39]} Rfd8 {[%emt 0:05:47]} 17. a3 {[%emt 0:06:21]} c5 {[%emt 0:09:20]} 18. h3 {[%emt 0:05:27]} Rac8 {[%emt 0:09:52]} 19. dxc5 {[%emt 0:03:40]} Rxc5 {[%emt 0:01:34]} 20. Qe1 {[%emt 0:02:43]} Rxc1 {[%emt 0:01:05]} 21. Rxc1 {[%emt 0:00:10]} Nc5 {[%emt 0:00:13]} 22. Qc3 {[%emt 0:04:29]} a4 {[%emt 0:14:08] An uneventful encounter.   Weighted Error Value: White=0.01 (flawless) /Black=0.00 (flawless) .  OK:         	White=4     	Black=5} 1/2-1/2

[Event "German Bundesliga 2023-24"]
[Site "Germany"]
[Date "2024.03.16"]
[Round "12.14"]
[White "von Mettenheim, Johannes"]
[Black "Heimann, Andreas"]
[Result "1/2-1/2"]
[WhiteElo "2284"]
[BlackElo "2552"]
[Annotator "RC"]
[PlyCount "72"]
[EventDate "2023.10.20"]
[EventType "team-tourn"]
[EventCountry "GER"]
[SourceTitle "playchess.com"]
[Source "ChessBase"]
[SourceQuality "1"]
[TimeControl "40/6000+30:3000+30"]

1. d4 {[%emt 0:00:03]} Nf6 {[%emt 0:00:06]} 2. c4 {[%emt 0:00:06]} e6 {[%emt 0:00:05]} 3. Nf3 {[%emt 0:00:04]} d5 {[%emt 0:00:15]} 4. g3 {[%emt 0:00:06]} Bb4+ {[%emt 0:00:24]} 5. Bd2 {[%emt 0:00:08]} Be7 {[%emt 0:00:05]} 6. Bg2 {[%emt 0:00:05]} O-O {[%emt 0:00:04]} 7. O-O {[%emt 0:00:13]} c6 {[%emt 0:00:14]} 8. Qb3 {[%emt 0:00:35]} b6 {[%emt 0:02:10]} 9. Nc3 {[%emt 0:06:12]} Ba6 {[%emt 0:07:46]} 10. cxd5 {[%emt 0:02:39]} cxd5 {[%emt 0:00:05]} 11. Rfc1 {[%emt 0:05:53]} Nc6 {[%emt 0:14:15]} 12. Qa4 {[%emt 0:08:58]} Bb7 {[%emt 0:00:34]} 13. Bf4 {[%emt 0:19:11]} a6 {[%emt 0:03:12]} 14. Ne5 {[%emt 0:06:13]} b5 {[%emt 0:00:17]} 15. Nxc6 {[%emt 0:01:32]} Bxc6 {[%emt 0:00:25]} 16. Qd1 {[%emt 0:15:36]} Qb6 {[%emt 0:02:01]} 17. h3 {[%emt 0:00:37]} Rac8 {[%emt 0:02:29]} 18. Be3 {[%emt 0:01:38]} Qb7 {[%emt 0:12:05]} 19. Nb1 {[%emt 0:02:49]} a5 {[%emt 0:03:44]} 20. Nd2 {[%emt 0:00:35]} a4 {[%emt 0:00:05]} 21. Nf3 {[%emt 0:02:34]} b4 {[%emt 0:00:35]} 22. Ne5 {[%emt 0:04:30]} Bb5 {[%emt 0:00:19]} 23. Rxc8 {[%emt 0:08:34]} Rxc8 {[%emt 0:00:26]} 24. Rc1 {[%emt 0:00:07]} Rxc1 {[%emt 0:15:48]} 25. Bxc1 {[%emt 0:00:07]} Ne4 {[%emt 0:00:06]} 26. e3 {[%emt 0:05:58]} Qc8 {[%emt 0:01:39]} 27. Bf1 {[%emt 0:04:52]} Bxf1 {[%emt 0:00:41]} 28. Kxf1 {[%emt 0:00:18]} a3 {[%emt 0:07:22]} 29. Kg2 {[%emt 0:01:33]} b3 {[%emt 0:02:34]} 30. Qxb3 {[%emt 0:03:20]} Nxf2 {[%emt 0:08:29]} 31. Kxf2 {[%emt 0:00:09]} Qxc1 {[%emt 0:00:05]} 32. bxa3 {[%emt 0:04:21]} Bd6 {[%emt 0:10:15]} 33. Qb7 {[%emt 0:01:24]} Qc2+ {[%emt 0:03:39]} 34. Ke1 {[%emt 0:00:24]} Qc1+ {[%emt 0:00:05]} 35. Ke2 {[%emt 0:00:38]} Qc2+ {[%emt 0:00:05]} 36. Ke1 {[%emt 0:00:06]} Qc1+ {[%emt 0:00:36]} 1/2-1/2

[Event "German Bundesliga 2023-24"]
[Site "Germany"]
[Date "2024.03.16"]
[Round "12.15"]
[White "Ferreira, Jorge Viterbo"]
[Black "Fromm, Marius"]
[Result "0-1"]
[WhiteElo "2525"]
[BlackElo "2435"]
[Annotator "TA"]
[PlyCount "100"]
[EventDate "2023.10.20"]
[EventType "team-tourn"]
[EventCountry "GER"]
[SourceTitle "playchess.com"]
[Source "ChessBase"]
[SourceQuality "1"]
[TimeControl "40/6000+30:3000+30"]

{[%evp 28,99,0,0,0,-27,-20,-20,-20,-20,-20,-20,-20,-20,-14,-57,-48,-79,-80,-82,-63,-106,-89,-112,-105,-137,-130,-128,-124,-140,-132,-154,-143,-150,-152,-202,-154,-225,-225,-209,-104,-126,-102,-191,-153,-290,-158,-681,-682,-1062,-1083,-1094,-1083,-1531,-1356,-1286,-1353,-1475,-1357,-1319,-1163,-2557,-2390,-2490,-2562,-2628,-2818,-29989,-29990,-29992,-29987,-29998,-29999,-29999]} 1. c4 {[%emt 0:00:15]} e5 {[%emt 0:00:06]} 2. g3 {[%emt 0:00:30]} c6 {[%emt 0:00:30]} 3. d4 {[%emt 0:00:30]} Bb4+ {[%emt 0:00:30]} 4. Bd2 {[%emt 0:00:30]} Bxd2+ {[%emt 0:00:30]} 5. Qxd2 {[%emt 0:00:30]} d6 {[%emt 0:00:30]} 6. Nc3 {[%emt 0:00:30]} Nf6 {[%emt 0:00:30]} 7. Bg2 {[%emt 0:00:30] A20: English Opening: 1...e5.} Nbd7 {[%emt 0:00:30]} 8. e3 {[%emt 0:00:30]} O-O {[%emt 0:00:30]} 9. Nge2 {[%emt 0:00:30]} Re8 {[%emt 0:00:30]} 10. Qc2 $146 {[%emt 0:00:30]} ({Predecessor:} 10. O-O e4 11. f3 exf3 12. Rxf3 Nb6 13. b3 Bg4 14. Rf4 d5 15. cxd5 Bxe2 16. Qxe2 Nbxd5 17. Nxd5 Nxd5 {½-½ Puranik,A (2597)-Adhiban,B (2654) Moscow Aeroflot op-A 2020 (3)}) 10... Qe7 {[%emt 0:00:30]} 11. b3 {[%emt 0:00:30]} e4 {[%emt 0:00:30]} 12. h3 {[%emt 0:00:30]} Nf8 {[%emt 0:00:30]} 13. a4 {[%emt 0:00:30]} Ng6 {[%emt 0:00:30]} 14. a5 {[%emt 0:00:30]} Bd7 {[%emt 0:00:30]} 15. O-O {[%emt 0:00:30]} h5 {[%emt 0:00:30]} 16. Nf4 {[%emt 0:00:30]} Nxf4 {[%emt 0:00:30]} 17. exf4 {[%emt 0:00:30]} Bf5 {[%emt 0:00:30]} 18. Kh2 {[%emt 0:00:30]} d5 {[%emt 0:00:30]} 19. Nd1 {[%emt 0:00:30]} Qd6 {[%emt 0:00:30]} 20. Ne3 {[%emt 0:00:30]} Be6 {[%emt 0:00:30]} 21. Qc3 {[%emt 0:00:30]} h4 {[%emt 0:00:30]} 22. Rfd1 {[%emt 0:00:30]} g6 {[%emt 0:00:30]} 23. c5 {[%emt 0:00:30]} Qc7 {[%emt 0:00:30]} 24. a6 {[%emt 0:00:30]} b6 {[%emt 0:00:30]} 25. cxb6 {[%emt 0:00:30]} Qxb6 {[%emt 0:00:30]} 26. Nc2 {[%emt 0:00:30]} Rab8 {[%emt 0:00:30]} 27. b4 {[%emt 0:00:30]} Kg7 {[%emt 0:00:30]} 28. Kg1 {[%emt 0:00:30]} Qc7 {[%emt 0:00:30]} 29. Qe3 {[%emt 0:00:30]} Nh5 {[%emt 0:00:30]} 30. f5 {[%emt 0:00:30] [#]} Bd7 $1 {[%emt 0:00:30]} (30... Bxf5 31. g4 $14) 31. Ra3 {[%emt 0:00:30]} (31. fxg6 $17 {was called for.} Kxg6 (31... fxg6 32. Ra3 $17) (31... hxg3 32. gxf7 gxf2+ 33. Qxf2 $17) 32. g4) 31... Rh8 {[%emt 0:00:30]} (31... gxf5 $2 32. Qg5+ (32. gxh4 $2 f4 $19) 32... Kf8 33. Qxh4 $18 (33. Qxh5 Kg7 $18)) (31... Bxf5 32. g4 Bxg4 33. hxg4 $14) (31... hxg3 32. fxg3 Qd6 (32... gxf5 $2 33. Qg5+ Kf8 34. Qxh5 $18) (32... Bxf5 33. g4 $11) 33. Qg5 $17) 32. fxg6 {[%emt 0:00:30] [#]} (32. Qg5 $17) 32... f5 $1 $19 {[%emt 0:00:30]} (32... Kxg6 33. f3 Bxh3 (33... Qxg3 34. fxe4 Rhe8 35. Qxg3+ Nxg3 36. exd5 $15) 34. fxe4 Bxg2 (34... Qxg3 $2 35. Qxg3+ Nxg3 36. Bxh3 $18) 35. Kxg2 $17) (32... fxg6 33. Qg5 $15) 33. Qg5 {[%emt 0:00:30]} Nf6 {[%emt 0:00:30]} (33... Qd6 $19 {White must now prevent ...Rbf8.} 34. g4 (34. Qxh4 $2 {is the wrong capture.} Kxg6 35. Kf1 Rbg8 $19) 34... Nf4 (34... Qxg6 $2 35. Qxg6+ Kxg6 36. gxh5+ $18)) 34. Rc1 {[%emt 0:00:30]} (34. gxh4 $2 {too greedy.} Rh5 35. Qd2 f4 $19 (35... Rxh4 $2 36. Ne1 $19) (35... Kxg6 $2 36. Rg3+ Kf7 37. Rg5 $19)) 34... Rh5 {[%emt 0:00:30]} 35. Qd2 {[%emt 0:00:30]} (35. Qf4 $17 Qxf4 36. gxf4) 35... Kxg6 {[%emt 0:00:30]} 36. Bf1 {[%emt 0:00:30]} (36. Rc3 $17) 36... Rg5 {[%emt 0:00:30]} (36... hxg3 $19 37. Rxg3+ Kf7) 37. Kh2 $2 {[%emt 0:00:30]} (37. Bg2 $17) 37... Nh5 $19 {[%emt 0:00:30]} 38. Qe1 {[%emt 0:00:30]} hxg3+ {[%emt 0:00:30]} 39. fxg3 {[%emt 0:00:30]} f4 {[%emt 0:00:30]} 40. g4 {[%emt 0:00:30]} f3+ {[%emt 0:00:30]} 41. Kg1 {[%emt 0:50:30]} Bxg4 {[%emt 0:50:30]} 42. h4 {[%emt 0:00:30]} Rf5 {[%emt 0:00:30]} 43. Qf2 {[%emt 0:00:30]} Rg8 {[%emt 0:00:30]} 44. Ne3 {[%emt 0:00:30]} Kh7 {[%emt 0:00:30]} 45. Kh1 {[%emt 0:00:30]} Ng3+ {[%emt 0:00:30]} 46. Kg1 {[%emt 0:00:30]} Rh5 {[%emt 0:00:30]} 47. Qh2 {[%emt 0:00:30]} Ne2+ {[%emt 0:00:30]} 48. Bxe2 {[%emt 0:00:30]} Bd7+ {[%emt 0:00:30]} 49. Kh1 {[%emt 0:00:30]} Qxh2+ {[%emt 0:00:30]} 50. Kxh2 {[%emt 0:00:30]} Rxh4# {[%emt 0:00:30]} 0-1

[Event "German Bundesliga 2023-24"]
[Site "Germany"]
[Date "2024.03.16"]
[Round "12.15"]
[White "Graf, Alexander"]
[Black "Hampel, Felix"]
[Result "1/2-1/2"]
[WhiteElo "2523"]
[BlackElo "2298"]
[Annotator "TA"]
[PlyCount "110"]
[EventDate "2023.10.20"]
[EventType "team-tourn"]
[EventCountry "GER"]
[SourceTitle "playchess.com"]
[Source "ChessBase"]
[SourceQuality "1"]

1. Nf3 Nf6 2. c4 g6 3. b3 Bg7 4. Bb2 O-O 5. g3 c5 6. Bg2 d6 7. d4 d5 8. Nbd2 cxd4 9. Nxd4 Re8 10. cxd5 Nxd5 11. O-O Nf4 12. gxf4 Bxd4 13. Qc1 Nc6 14. e3 Bxb2 15. Qxb2 Qa5 16. Nc4 Qh5 17. Ne5 Bh3 18. Bf3 Qh4 19. Rfd1 Nxe5 20. Qxe5 Rac8 21. Rd2 b6 22. b4 Rc4 23. a3 Rec8 24. Rad1 Rc1 25. Rxc1 Rxc1+ 26. Rd1 Rc8 27. Be2 Qf6 28. Qxf6 exf6 29. f3 Rc2 30. Kf2 Be6 31. Ke1 Ra2 32. Rd3 a5 33. bxa5 bxa5 34. Rc3 a4 35. Bd1 Rxh2 36. Bxa4 h5 37. Bb3 Bxb3 38. Rxb3 Ra2 39. Kf1 Kg7 40. Kg1 g5 41. Rb5 Kh6 42. Rb6 Kg6 43. fxg5 Kxg5 44. Rb8 Kh4 45. Rg8 Rxa3 46. Kf2 Ra2+ 47. Kf1 Kh3 48. Rg7 Ra7 49. f4 h4 50. Kf2 f5 51. Rh7 Ra2+ 52. Kf3 f6 53. Rh6 Ra6 54. Rh5 Ra5 55. Rh6 Ra6 1/2-1/2

[Event "German Bundesliga 2023-24"]
[Site "Germany"]
[Date "2024.03.16"]
[Round "12.15"]
[White "Buckels, Valentin"]
[Black "Kruckenhauser, Arthur"]
[Result "1-0"]
[WhiteElo "2429"]
[BlackElo "2313"]
[Annotator "TA"]
[PlyCount "69"]
[EventDate "2023.10.20"]
[EventType "team-tourn"]
[EventCountry "GER"]
[SourceTitle "playchess.com"]
[Source "ChessBase"]
[SourceQuality "1"]

1. d4 Nf6 2. Nf3 e6 3. c4 b6 4. a3 Bb7 5. Nc3 Be7 6. d5 d6 7. e4 e5 8. Bd3 O-O 9. O-O Nbd7 10. b4 Nh5 11. Ne2 g6 12. Bh6 Re8 13. Qd2 Bf8 14. Bg5 Be7 15. Be3 Ng7 16. g4 Bc8 17. Ne1 f5 18. gxf5 gxf5 19. f3 Nf8 20. Kh1 Ng6 21. Rg1 f4 22. Bf2 a5 23. Ra2 Bh4 24. Nc3 Bd7 25. c5 Bxf2 26. Qxf2 axb4 27. axb4 bxc5 28. bxc5 Rxa2 29. Qxa2 Qh4 30. Bb5 Bxb5 31. Nxb5 Nh5 32. Nxc7 Rb8 33. Ne6 Ng3+ 34. Kg2 Nxe4 35. fxe4 1-0

[Event "German Bundesliga 2023-24"]
[Site "Germany"]
[Date "2024.03.16"]
[Round "12.16"]
[White "Pajeken, Jakob Leon"]
[Black "Winterberg, Lukas"]
[Result "1/2-1/2"]
[WhiteElo "2426"]
[BlackElo "2410"]
[Annotator "TA"]
[PlyCount "89"]
[EventDate "2023.10.20"]
[EventType "team-tourn"]
[EventCountry "GER"]
[SourceTitle "playchess.com"]
[Source "ChessBase"]
[SourceQuality "1"]

1. e4 e6 2. d4 d5 3. Nc3 Nf6 4. e5 Nfd7 5. f4 c5 6. Nf3 Nc6 7. Be3 cxd4 8. Nxd4 Qb6 9. Na4 Qa5+ 10. Nc3 Qb6 11. Be2 Nxd4 12. Bxd4 Bc5 13. Nb5 O-O 14. a4 a5 15. O-O Nb8 16. Bxc5 Qxc5+ 17. Kh1 Bd7 18. Nd6 Nc6 19. Bd3 g6 20. Qg4 Ne7 21. Qh4 Nc8 22. Nb5 Bxb5 23. axb5 Qe7 24. Qf2 Qc7 25. Ra3 Ne7 26. Rc3 Qd8 27. Qd4 Rc8 28. Ra3 Nf5 29. Bxf5 exf5 30. Qd3 b6 31. Rd1 Rc5 32. Rc3 Qc7 33. Rxc5 Qxc5 34. Qxd5 Qxc2 35. e6 fxe6 36. Qxe6+ Kh8 37. Qe5+ Kg8 38. Qe6+ Kh8 39. Qe5+ Kg8 40. Re1 Qc5 41. Qe6+ Kh8 42. Qd7 Kg8 43. h3 Rf7 44. Qd3 Qb4 45. Re8+ 1/2-1/2

[Event "German Bundesliga 2023-24"]
[Site "Germany"]
[Date "2024.03.16"]
[Round "12.16"]
[White "Raykhman, Alexander"]
[Black "Dinstuhl, Volkmar"]
[Result "0-1"]
[WhiteElo "2368"]
[BlackElo "2380"]
[Annotator "TA"]
[PlyCount "72"]
[EventDate "2023.10.20"]
[EventType "team-tourn"]
[EventCountry "GER"]
[SourceTitle "playchess.com"]
[Source "ChessBase"]
[SourceQuality "1"]

1. d4 d5 2. c4 e6 3. Nf3 Nf6 4. Nc3 Bb4 5. Qa4+ Nc6 6. e3 O-O 7. Qc2 Re8 8. Bd2 Bf8 9. a3 a6 10. h3 h6 11. Rd1 b6 12. Be2 Bb7 13. O-O g6 14. Rfe1 Bg7 15. Bc1 Qe7 16. b3 Rac8 17. Bb2 Nb8 18. Na4 dxc4 19. bxc4 Nbd7 20. Nc3 c5 21. d5 exd5 22. cxd5 b5 23. e4 b4 24. d6 Qf8 25. Na4 Bxe4 26. Qb3 bxa3 27. Qxa3 Bc6 28. Nc3 Rb8 29. Ba1 Bb5 30. Qa2 Re6 31. Bxb5 Rxe1+ 32. Rxe1 axb5 33. Nd5 Qxd6 34. Ne7+ Kf8 35. Nh4 c4 36. Qa7 Re8 0-1

[Event "German Bundesliga 2023-24"]
[Site "Germany"]
[Date "2024.03.16"]
[Round "12.16"]
[White "Sreyas Payyappat"]
[Black "Koellner, Ruben Gideon"]
[Result "1/2-1/2"]
[WhiteElo "2075"]
[BlackElo "2483"]
[Annotator "TA"]
[PlyCount "119"]
[EventDate "2023.10.20"]
[EventType "team-tourn"]
[EventCountry "GER"]
[SourceTitle "playchess.com"]
[Source "ChessBase"]
[SourceQuality "1"]

1. e4 e5 2. Nf3 Nc6 3. Bc4 Bc5 4. c3 Nf6 5. d4 exd4 6. e5 d5 7. Bb5 Ne4 8. cxd4 Bb6 9. Nc3 O-O 10. Be3 Bg4 11. h3 Bh5 12. Qc2 Nxc3 13. Bxc6 Nxa2 14. Bxb7 Nb4 15. Qc3 Rb8 16. Qxb4 Rxb7 17. O-O Bxf3 18. gxf3 Qh4 19. Kh2 c5 20. Qa4 cxd4 21. Rg1 f6 22. Qc6 Rbf7 23. Rg4 Qh5 24. Bf4 fxe5 25. Qxd5 g6 26. Bxe5 Rd8 27. Qe6 Qxe5+ 28. Qxe5 Bc7 29. Qxc7 Rxc7 30. Rd1 d3 31. Rd2 Rc2 32. Rxc2 dxc2 33. Rc4 Rd2 34. Kg3 Kf7 35. f4 Ke6 36. Kf3 Kd5 37. b3 Rd3+ 38. Kg4 h5+ 39. Kg5 Rd2 40. Kxg6 Rxf2 41. Kxh5 a5 42. Rc8 Ke4 43. Kg6 Kxf4 44. Rc5 Ke3 45. h4 Kd2 46. Rd5+ Kc3 47. Rxa5 Rg2+ 48. Kf6 Rh2 49. Rc5+ Kxb3 50. Kg5 Rd2 51. Rxc2 Kxc2 52. h5 Kd3 53. h6 Ke4 54. h7 Rd8 55. Kf6 Kf4 56. Kg7 Rd7+ 57. Kg8 Kf5 58. h8=Q Rd8+ 59. Kg7 Rxh8 60. Kxh8 1/2-1/2

[Event "German Bundesliga 2023-24"]
[Site "Germany"]
[Date "2024.03.17"]
[Round "13"]
[White "Vachier-Lagrave, Maxime"]
[Black "Kadric, Denis"]
[Result "1/2-1/2"]
[WhiteElo "2734"]
[BlackElo "2579"]
[Annotator "TA"]
[PlyCount "49"]
[EventDate "2023.10.20"]
[EventType "team-tourn"]
[EventCountry "GER"]
[SourceTitle "playchess.com"]
[Source "ChessBase"]
[SourceQuality "1"]

1. d4 Nf6 2. c4 e6 3. Nc3 d5 4. cxd5 Nxd5 5. e4 Nxc3 6. bxc3 c5 7. Rb1 Be7 8. Nf3 O-O 9. Bc4 a6 10. O-O b5 11. Bb3 Bb7 12. Qe2 cxd4 13. cxd4 Nd7 14. Bc2 Rc8 15. Bd3 Nb6 16. Bd2 Nc4 17. Bf4 Bd6 18. Bg5 Be7 19. Bf4 Bd6 20. Bg5 Be7 21. h4 h6 22. Bxe7 Qxe7 23. a4 Na3 24. Rb2 Rc3 25. Re1 1/2-1/2

[Event "German Bundesliga 2023-24"]
[Site "Germany"]
[Date "2024.03.17"]
[Round "13"]
[White "Vitiugov, Nikita"]
[Black "Predojevic, Borki"]
[Result "1/2-1/2"]
[WhiteElo "2686"]
[BlackElo "2580"]
[Annotator "TA"]
[PlyCount "43"]
[EventDate "2023.10.20"]
[EventType "team-tourn"]
[EventCountry "GER"]
[SourceTitle "playchess.com"]
[Source "ChessBase"]
[SourceQuality "1"]

1. e4 c5 2. Nf3 Nc6 3. Bb5 g6 4. O-O Bg7 5. Re1 e5 6. Bxc6 dxc6 7. d3 Qe7 8. a4 Nf6 9. a5 O-O 10. Be3 Rd8 11. Qc1 Bg4 12. Nbd2 Nd7 13. h3 Be6 14. Ra3 h6 15. Nf1 Kh7 16. Bd2 b5 17. axb6 axb6 18. Rxa8 Rxa8 19. Bc3 f6 20. b3 Ra2 21. Qb1 Ra6 22. Ne3 1/2-1/2

[Event "German Bundesliga 2023-24"]
[Site "Germany"]
[Date "2024.03.17"]
[Round "13"]
[White "Kasimdzhanov, Rustam"]
[Black "Stevic, Hrvoje"]
[Result "1-0"]
[WhiteElo "2679"]
[BlackElo "2549"]
[Annotator "TA"]
[PlyCount "73"]
[EventDate "2023.10.20"]
[EventType "team-tourn"]
[EventCountry "GER"]
[SourceTitle "playchess.com"]
[Source "ChessBase"]
[SourceQuality "1"]

1. d4 d5 2. c4 c6 3. Nf3 Nf6 4. Nc3 dxc4 5. a4 Bf5 6. Ne5 Nbd7 7. Nxc4 Qc7 8. Bg5 e5 9. e3 Be6 10. Be2 Be7 11. O-O Rd8 12. a5 h6 13. Bh4 exd4 14. Bg3 Qc8 15. Qxd4 Nc5 16. Nd6+ Bxd6 17. Bxd6 Nb3 18. Qe5 Nxa1 19. Rxa1 Rxd6 20. Qxd6 Qd8 21. Qc5 a6 22. Rd1 Qe7 23. Qa7 Bc8 24. Qd4 O-O 25. Na4 Re8 26. Nc5 Qe5 27. b4 Qxd4 28. Rxd4 Kf8 29. Bc4 Re7 30. Rd8+ Re8 31. Rd4 Re7 32. Kf1 Ke8 33. Ke2 Be6 34. Bxe6 fxe6 35. e4 e5 36. Rd6 Kf7 37. f3 1-0

[Event "German Bundesliga 2023-24"]
[Site "Germany"]
[Date "2024.03.17"]
[Round "13"]
[White "Bacrot, Etienne"]
[Black "Kovacevic, Aleksandar"]
[Result "1/2-1/2"]
[WhiteElo "2668"]
[BlackElo "2445"]
[Annotator "TA"]
[PlyCount "41"]
[EventDate "2023.10.20"]
[EventType "team-tourn"]
[EventCountry "GER"]
[SourceTitle "playchess.com"]
[Source "ChessBase"]
[SourceQuality "1"]

1. e4 e5 2. Nf3 Nf6 3. d4 Nxe4 4. Bd3 Nc6 5. dxe5 d5 6. O-O Bf5 7. Qe2 Bc5 8. Nbd2 Nxd2 9. Bxd2 Bg4 10. Be3 Be7 11. Bb5 O-O 12. Bxc6 bxc6 13. h3 Bh5 14. c4 d4 15. Bf4 c5 16. Qd3 Rb8 17. b3 f6 18. exf6 Rxf6 19. Be5 Rf7 20. Nh2 Bd6 21. Rae1 1/2-1/2

[Event "German Bundesliga 2023-24"]
[Site "Germany"]
[Date "2024.03.17"]
[Round "13"]
[White "Fressinet, Laurent"]
[Black "Lagarde, Maxime"]
[Result "1/2-1/2"]
[WhiteElo "2643"]
[BlackElo "2629"]
[Annotator "TA"]
[PlyCount "40"]
[EventDate "2023.10.20"]
[EventType "team-tourn"]
[EventCountry "GER"]
[SourceTitle "playchess.com"]
[Source "ChessBase"]
[SourceQuality "1"]

1. d4 Nf6 2. c4 e6 3. g3 d5 4. Bg2 dxc4 5. Nf3 c5 6. O-O Nc6 7. dxc5 Qxd1 8. Rxd1 Bxc5 9. Nbd2 c3 10. bxc3 O-O 11. Nb3 Be7 12. Nfd4 Bd7 13. Nxc6 Bxc6 14. Bxc6 bxc6 15. c4 a5 16. Be3 Rfb8 17. Nd4 Rc8 18. Nf3 Rab8 19. Rab1 Rb4 20. Ne5 Ne4 1/2-1/2